000 00730nam a2200253Ia 4500
003 OSt
005 20250313104537.0
008 210210b2014 xxu||||| |||| 00| 0 eng d
020 _a9788126046651
040 _cAL
041 _aKannada
082 _aK894.9 LAKE
100 _aLAKSHMINARAYANA (R)
_dಲಕ್ಷ್ಮೀನಾರಾಯಣ (ಆರ್)
_9205834
245 _aS V Parameshvara Bhatta
_bಎಸ್ ವಿ ಪರಮೇಶ್ವರ ಭಟ್ಟ
260 _aNavadehali
_bSahitya Akademi
_c2014
300 _a159
650 _aVi
_9205835
650 _aParameshwara
_9205836
650 _aEs
_9205837
650 _aBhatta
_9205838
690 _aKannada Criticism
_9205839
906 _a072063
942 _2ddc
_cBK
999 _c121949
_d121949